| 000 | 00710nam a22001937a 4500 | ||
|---|---|---|---|
| 003 | OSt | ||
| 005 | 20240905094422.0 | ||
| 008 | 240905b ||||| |||| 00| 0 eng d | ||
| 040 | _cAIMIT LIBRARY | ||
| 100 |
_aShetty, Prathiksha L. _e2216142 _9178726 |
||
| 245 |
_aAnalyzing the financial performance of automobile company : a case study on royal enfeild India / _cBy Prathiksha L Shetty ; Guided by Steevan Dsouza N. |
||
| 260 |
_aBangrakuloor ; _c2024. |
||
| 650 |
_aLiterature review _9178727 |
||
| 650 |
_aResearch methodology _9178728 |
||
| 650 |
_aData analysis and interpretation _9178729 |
||
| 700 |
_aDsouza N, Steevan. _eGuide _9178730 |
||
| 856 | _3Niran Motors Private Limited | ||
| 942 |
_2ddc _cPRO |
||
| 999 |
_c231738 _d231738 |
||